| 000 | 00551nam a2200193 i 4500 | ||
|---|---|---|---|
| 001 | bgj | ||
| 100 | 1 | _aFREUND, Wienfried. | |
| 245 | 1 | 0 |
_aWspółczesna niemiecka literatura dla dzieci i młodzieży : _btematy, struktury, analizy / _cWinfried Freund. |
| 260 |
_aBonn : _bInter Nationes, _c1987. |
||
| 300 |
_a72 s. : _bil. ; _c20 cm. |
||
| 504 | _aBibliogr. s. 71. | ||
| 650 | _aLiteratura niemiecka | ||
| 040 | _cBPK | ||
| 041 | 0 |
_ager _apol |
|
| 044 | _aDEU | ||
| 080 | _a821.112.2 | ||
| 942 | _cKS | ||
| 008 | s pl f |000 0 pol | ||
| 999 |
_c50021 _d50021 |
||
| 856 |
_uhttp://koha.tu.koszalin.pl/cgi-bin/koha/opac-detail.pl?biblionumber=50021 _yKatalog online BPK |
||